000 00872nam a2200265Ia 4500
003 OSt
005 20220930092050.0
006 a|||||r|||| 00| 0
007 ta
008 220926b |||||||| |||| 00| 0 eng d
024 _a11717
037 _cTheses
040 _aCRL
_cCRL
_beng
041 _2eng
_aeng
100 _aAnandh K. Au.
_9547607
110 _aUniversity of Delhi. Faculty of Medical Science. Department of General Medicine
245 0 _aCorrelation between serum uric acid levels and left ventricular ejection fraction in patients with heart failure
260 _c2013
300 _a58p.
_ap.
_ccm.
650 _aMEDICINE
700 _a Bhardwaj Neeta Gu.
_9547608
700 _aUniversity of Delhi. Faculty of Medical Science. Department of General Medicine
942 _cDIS
_2CC
999 _c883136
_d883136